| 000 | 00999nam a22002057a 4500 | ||
|---|---|---|---|
| 003 | BD-DhUL | ||
| 005 | 20180313092026.0 | ||
| 008 | 180313s1960 ru ||||| |||| 00| 0 ben d | ||
| 040 |
_aBD-DhUL _cBD-DhUL |
||
| 082 |
_a891.443 _bMAB |
||
| 100 | 1 | _a মাকারেস্কো, আন্তন | |
| 245 | 0 | 0 |
_aবাঁচতে শেখা : _bবুরুজে নিশান / _cআন্তন মাকারেস্কো ; অনুবাদ, কামাক্ষী প্রসাদ চট্টোপাধ্যায় ; সম্পাদনা, ননী ভৌমিক |
| 260 |
_aমস্কো : _bপ্রগতি, _c১৯৬০। |
||
| 300 |
_a৫৪৩ পৃ. ; _c২০ সেমি. |
||
| 650 | 4 | _aবাংলা উপন্যাস | |
| 650 | 4 | _aBengali fiction | |
| 700 | 1 |
_aচট্টোপাধ্যায়, কামাক্ষী প্রসাদ _eঅনূ. |
|
| 700 | 1 |
_aভৌমিক, ননী _eসম্পা. |
|
| 942 |
_2ddc _cBK |
||
| 999 |
_c239147 _d239147 |
||